LIBRARY & INFORMATION CENTRE, KCAET, TAVANUR

ONLINE PUBLIC ACCESS CATALOGUE (OPAC)

Senior courses in English composition / (Record no. 12444)

MARC details
000 -LEADER
fixed length control field 00519cam a2200205ua 4500
041 ## - LANGUAGE CODE
Language code of text/sound track or separate title eng
082 ## - DEWEY DECIMAL CLASSIFICATION NUMBER
Classification number 425
Item number SOA/SE
100 ## - MAIN ENTRY--AUTHOR NAME
Personal name Soares, Anthony X .
245 ## - TITLE STATEMENT
Title Senior courses in English composition /
250 ## - EDITION STATEMENT
Edition statement 9 /
260 ## - PUBLICATION, DISTRIBUTION, ETC. (IMPRINT)
Place of publication Calcutta :
Name of publisher Oxford University Press ,
Year of publication 1964.
300 ## - PHYSICAL DESCRIPTION
Number of Pages 332 ; .
700 1# - ADDED ENTRY--PERSONAL NAME
Personal name Majumdar, M.N .
942 ## - ADDED ENTRY ELEMENTS (KOHA)
Koha item type Books
Holdings
Withdrawn status Lost status Damaged status Home library Current library Date acquired Full call number Accession Number Koha item type
Withdrawn     KAUAET Central Prison Tavanur 07/04/2012 425 9857 Books
Withdrawn     KAUAET Malayalam University 07/04/2012 425 11020 Books
free website counter